000
00308nam a22001337a 4500
082
_a
894.812
_b
REE/L
100
_a
REED JOHN
245
_a
LOKATHE PIDICHU KULUKKIYA PATTH DIVASANGAL
260
_a
SOVIET UNION
_b
PROGRESS PUBLISHERS
_c
1987
300
_a
536
520
_a
NOVEL
650
_a
NOVEL
942
_c
BK
999
_c
5018
_d
5018